Top 5 comuni più popolosi per provincia - Campania - Statistics

Statistiche generali
  • Questo quiz è stato fatto 88 volte
  • Il punteggio medio è 15 su 25
Statistiche sulle risposte
Provincia Comuni N° abitanti % Corretto
Avellino Avellino 52.161
96%
Benevento Benevento 56.043
96%
Caserta Caserta 72.485
96%
Napoli Napoli 911.697
96%
Salerno Salerno 126.625
96%
Giugliano in Campania 123.998
91%
Torre del Greco 80.093
87%
Pozzuoli 76.211
79%
Battipaglia 49.635
75%
Casoria 73.807
74%
Aversa 49.526
70%
Nocera Inferiore 43.808
62%
Marcianise 38.285
60%
Ariano Irpinio 20.890
57%
Cava de' Tirreni 50.191
55%
Santa Maria Capua Vetere 32.083
51%
Maddaloni 36.756
45%
Scafati 47.940
40%
Sant'Agata de' Goti 10.230
36%
Mercogliano 11.600
34%
Solofra 12.035
30%
Montoro 19.389
28%
Montesarchio 12.997
25%
San Giorgio del Sannio 9.673
23%
Airola 8.076
13%
Nessun quiz corrispondente trovato
Distribuzione punteggi
Percentuale di utenti per punteggio
Percentile per numero di risposta
I tuoi punteggi nel tempo
Non hai fatto questo quiz